| 000 | 00918nam a22002417a 4500 | ||
|---|---|---|---|
| 999 |
_c17416 _d17416 |
||
| 003 | AUA.1 | ||
| 005 | 20191127153131.0 | ||
| 008 | 161201b xxu||||| |||| 00| 0 eng d | ||
| 020 | _a9781554525782 (pbk.) | ||
| 020 | _a1554525780 | ||
| 035 | _a(OCoLC)701243892 | ||
| 040 |
_beng _cJTL _dJTL |
||
| 050 |
_aBT736.2 _b.S56 2011 |
||
| 245 |
_aShould I fight? : _bessays on conscientious objection and theSeven-Day Adventist Church / _cedited by Barry W. Bussey. |
||
| 260 |
_aBelleville, Ont. : _bGuardian Books, _c2011. |
||
| 300 |
_a416 p. : _bill. ; _c21 cm. |
||
| 504 | _aIncludes bibliographical references. | ||
| 650 |
_aWar|xReligious aspects _xChristianity. |
||
| 650 |
_a War| _xReligious aspects _xSeventh-day Adventists. |
||
| 650 |
_aConscientious objection _xReligious aspects _xSeventh-day |
||
| 700 |
_a Bussey, Barry W., _d1965- |
||
| 942 |
_2lcc _cDWBSLC _hBT 736.2 _i.S56 2011 |
||